A Caribean mystery

Bibliographic Details
Main Author: Christie, Agatha
Format: Book
Published: London : HarperCollins Publishers , 1993

MARC

LEADER 00000cam a2200000 7i4500
001 0000008613
002 000009388
005 20040705.0
020 |a 0006164358 
090 0 0 |a F   |b CHR 
100 1 |a Christie, Agatha 
245 1 2 |a A Caribean mystery   |c Agatha Christie 
260 |a London :   |b HarperCollins Publishers ,   |c 1993 
300 |a 224p. ;   |c 17cm. 
999 |a 018078   |b BUKU   |c PINJAMAN   |e PERPUSTAKAAN KOMUNITI PETALING JAYA